Reinforced concrete simply explained / (Record no. 194287)
[ view plain ]
| 000 -LEADER | |
|---|---|
| fixed length control field | 00608 a2200181 4500 |
| 003 - CONTROL NUMBER IDENTIFIER | |
| control field | Nust |
| 005 - DATE AND TIME OF LATEST TRANSACTION | |
| control field | 20230320113501.0 |
| 040 ## - CATALOGING SOURCE | |
| Transcribing agency | Nust |
| 082 ## - DEWEY DECIMAL CLASSIFICATION NUMBER | |
| Classification number | 624,FAB |
| 100 ## - MAIN ENTRY--PERSONAL NAME | |
| Personal name | Faber, Oscar |
| 9 (RLIN) | 42879 |
| 245 ## - TITLE STATEMENT | |
| Title | Reinforced concrete simply explained / |
| Statement of responsibility, etc. | Oscar Faber, |
| 250 ## - EDITION STATEMENT | |
| Edition statement | 3rd ed. |
| 260 ## - PUBLICATION, DISTRIBUTION, ETC. | |
| Place of publication, distribution, etc. | London |
| Name of publisher, distributor, etc. | oxford |
| Date of publication, distribution, etc. | 1944 |
| 300 ## - PHYSICAL DESCRIPTION | |
| Extent | 80 p. |
| 505 ## - FORMATTED CONTENTS NOTE | |
| Formatted contents note | Preliminary (Page-11), Compression Members and Pillars (Page-19), Beams and Slabs (Page-24), Shearing Resistance of Concrete Beams (Page-40), Design of Pillars (Page-54), Materials (Page-62). |
| 650 ## - SUBJECT ADDED ENTRY--TOPICAL TERM | |
| Topical term or geographic name entry element | Construction |
| 9 (RLIN) | 30209 |
| 942 ## - ADDED ENTRY ELEMENTS (KOHA) | |
| Source of classification or shelving scheme | |
| Koha item type | Book |
| Withdrawn status | Lost status | Source of classification or shelving scheme | Damaged status | Not for loan | Permanent Location | Current Location | Shelving location | Date acquired | Full call number | Barcode | Date last seen | Price effective from | Koha item type | Public note |
|---|---|---|---|---|---|---|---|---|---|---|---|---|---|---|
| Military College of Signals (MCS) | Military College of Signals (MCS) | General Stacks | 12/12/2016 | 624,FAB | MCS29781 | 12/08/2016 | 12/12/2016 | Book | Almirah No.74, Shelf No.6 |
